| 000 | 00760cam a22002898i 4500 | ||
|---|---|---|---|
| 001 | 4433192 | ||
| 003 | ARRUPE | ||
| 005 | 20131127130819.0 | ||
| 008 | 780524s1978 cau b 000 0 eng | ||
| 010 | _a78003351 | ||
| 020 | _a0060640030 | ||
| 035 | _a(OCoLC)4004967 | ||
| 035 | _a(OCoLC)ocm04004967 | ||
| 035 | _a(NNC)4433192 | ||
| 040 |
_aDLC _cDLC _dNNUT |
||
| 050 | 0 |
_aBR85 _b.H574 |
|
| 090 |
_aBR85 _b.H574 |
||
| 100 | 1 |
_aHolmer, Paul L. _94186 |
|
| 245 | 1 | 4 |
_aThe grammar of faith / _cPaul L. Holmer. |
| 250 | _a1st ed. | ||
| 260 |
_aSan Francisco : _bHarper & Row, _cc1978. |
||
| 300 |
_axii, 212 p. ; _c22 cm. |
||
| 504 | _aIncludes bibliographical references. | ||
| 650 | 0 |
_aTheology. _94187 |
|
| 942 |
_2lcc _cMONOGRAPH |
||
| 999 |
_c118773 _d118773 |
||